000
00362nam a2200145Ia 4500
008
231129s1995||||xx |||||||||||||| ||spa||
020
_a
968-24-5078-0
040
_b
spa
082
_a
070.4 H174p
100
_a
Hall Kevin
245
0
_a
Periodismo y creatividad
260
_c
1995
264
_a
Trillas
942
_2
ddc
_c
BKS
999
_c
22695
_d
22695